01114 2200313 4500001002100000005001500021035002000036007000300056008004100059020002200100082001400122084001600136100003800152245023400190250003400424300004100458650002000499700003200519504003300551264004200584336002100626337003000647338002300677040002200700090002200722850001200744999002200756990002200778INLIS00000000090214020260128122123 a0010-0126001073ta260128s2025 yoia g | eng d a978-623-496-375-504223a658.7 a658.7 DWI t0 aDwi Kharis Rifai, Moh.ePengarang10aTransformation of logistics business models towards logistics chain management :b(a theoretical and empirical study of supply chain efficiency, adaptability, and resilience) /cMoh. Dwi Kharis Rifai; penyunting, Neldi Darmian L. aFirst Printing, December 2025 axviii, 204 halaman :btabel ;c23 cm 4aLogistik bisnis0 aNeldi Darmian L.ePengarang aBibliografi: halaman 145-16331aSleman :bSelfietera Indonesia,c2025 2rdacontentateks 2rdamediaatanpa perantara 2rdacarrieravolume aYOPDYOGbinderda aCB-D.11 2025-4633 aYOPDYOG aCB-D.11/2025-4633 aCB-D.11/2025-4633